نظر ین (Record no. 163653)

MARC details
000 -LEADER
fixed length control field 00731nam a22002057a 4500
005 - DATE AND TIME OF LATEST TRANSACTION
control field 20190425142841.0
010 ## - LCCN (DPL NO)
LC control number UR-10038
020 ## - INTERNATIONAL STANDARD BOOK NUMBER
Terms of availability 230.00
International Standard Book Number 9789383239672
035 ## - SYSTEM CONTROL NUMBER
System control number U-8593
037 ## - SOURCE OF ACQUISITION
Source of stock number/acquisition DBAD/PUB
082 ## - DEWEY DECIMAL CLASSIFICATION NUMBER
Classification number 840.08
100 ## - MAIN ENTRY--PERSONAL NAME
Personal name عمر ا ن عا کف خا ن
245 ## - TITLE STATEMENT
Title نظر ین
Statement of responsibility, etc عمر ا ن عا کف خا ن
246 ## - VARYING FORM OF TITLE
Remainder of title Nazrein(Urdu)
Title proper/short title by Imran Akif Khan
260 ## - PUBLICATION, DISTRIBUTION, ETC. (IMPRINT)
Place of publication, distribution, etc New Delhi
Name of publisher, distributor, etc Applied Books
Date of publication, distribution, etc 2017
270 ## - ADDRESS
Address 1739/3,Ground Floor,New kohinoor hotel,Patodi House,Dariya Ganj ,
City New Delhi
Postal code 110002
Telephone number 011-23266347
Fax number -
300 ## - PHYSICAL DESCRIPTION
Extent 200 ص
Dimensions 22 Cm.(bk)
500 ## - GENERAL NOTE
General note دو حصہ
942 ## - ADDED ENTRY ELEMENTS (KOHA)
Source of classification or shelving scheme Dewey Decimal Classification
Item type Urdu Bks
Classification part 840.08
Call number suffix خ ا ن
Holdings
Withdrawn status Lost status Not for loan Collection code Home library Current library Date acquired Source of acquisition Cost, normal purchase price Full call number Barcode Copy number Cost, replacement price Koha item type
    Not For Loan Non-fiction D.B.Act.Division D.B.Act.Division 25/04/2019 DBAD/PUB 230.00 840.08 خ ا ن U-8593 1 230.00 Urdu Bks

© Delhi Public Library
Hit Counter
free hit counter